Prosthodontic treatment for edentulous patients : (Record no. 18242)
[ view plain ]
| 000 -LEADER | |
|---|---|
| fixed length control field | 01206cam a22003135i 4500 |
| 001 - CONTROL NUMBER | |
| control field | 17623181 |
| 003 - CONTROL NUMBER IDENTIFIER | |
| control field | EG-ScBUE |
| 005 - DATE AND TIME OF LATEST TRANSACTION | |
| control field | 20200130102421.0 |
| 008 - FIXED-LENGTH DATA ELEMENTS--GENERAL INFORMATION | |
| fixed length control field | 200130t20132013mou f 001 0 eng d |
| 020 ## - INTERNATIONAL STANDARD BOOK NUMBER | |
| International Standard Book Number | 9780323078443 |
| 040 ## - CATALOGING SOURCE | |
| Original cataloging agency | DLC |
| Language of cataloging | eng |
| Description conventions | rda |
| Transcribing agency | DLC |
| Modifying agency | DLC |
| -- | EG-ScBUE |
| 082 04 - DEWEY DECIMAL CLASSIFICATION NUMBER | |
| Classification number | 617.692 |
| Item number | PRO |
| Edition number | 22 |
| 130 0# - MAIN ENTRY--UNIFORM TITLE | |
| Uniform title | Boucher's prosthodontic treatment for edentulous patients |
| 9 (RLIN) | 35943 |
| 245 10 - TITLE STATEMENT | |
| Title | Prosthodontic treatment for edentulous patients : |
| Remainder of title | complete dentures and implant-supported prostheses / |
| Statement of responsibility, etc | editors George Zarb, CM, BChD, MS, DDS, MS, FRCD(C), PhD, DSc, MD, LLD (hc) [and three others]. |
| 250 ## - EDITION STATEMENT | |
| Edition statement | Thirteenth edition. |
| 264 #1 - PUBLICATION, DISTRIBUTION, ETC. (IMPRINT) | |
| Place of publication, distribution, etc | St. Louis, Missouri : |
| Name of publisher, distributor, etc | Mosby / Elsevier, |
| Date of publication, distribution, etc | [2013] |
| 264 #4 - PUBLICATION, DISTRIBUTION, ETC. (IMPRINT) | |
| Date of publication, distribution, etc | c2013 |
| 300 ## - PHYSICAL DESCRIPTION | |
| Extent | ix, 452 pages : |
| Other physical details | illustrations (color) ; |
| Dimensions | 28 cm |
| 336 ## - CONTENT TYPE | |
| Content type term | text |
| Content type code | txt |
| Source | rdacontent |
| 337 ## - MEDIA TYPE | |
| Media type term | unmediated |
| Media type code | n |
| Source | rdamedia |
| 338 ## - CARRIER TYPE | |
| Carrier type term | volume |
| Carrier type code | nc |
| Source | rdacarrier |
| 504 ## - BIBLIOGRAPHY, ETC. NOTE | |
| Bibliography, etc | Includes bibliographical references and index. |
| 650 #7 - SUBJECT ADDED ENTRY--TOPICAL TERM | |
| Topical term or geographic name as entry element | Complete dentures. |
| Source of heading or term | BUEsh |
| 9 (RLIN) | 32431 |
| 650 #7 - SUBJECT ADDED ENTRY--TOPICAL TERM | |
| Topical term or geographic name as entry element | Edentulous mouth. |
| Source of heading or term | BUEsh |
| 9 (RLIN) | 32433 |
| 651 ## - SUBJECT ADDED ENTRY--GEOGRAPHIC NAME | |
| Source of heading or term | BUEsh |
| 653 ## - INDEX TERM--UNCONTROLLED | |
| Arrived date list | April2014 |
| Resource For college | Dentistry |
| 700 1# - ADDED ENTRY--PERSONAL NAME | |
| Personal name | Zarb, George A |
| Fuller form of name | (George Albert), |
| Dates associated with a name | 1938- |
| Relator term | editor. |
| 9 (RLIN) | 32436 |
| 942 ## - ADDED ENTRY ELEMENTS (KOHA) | |
| Source of classification or shelving scheme | Dewey Decimal Classification |
| Koha item type | Book - Borrowing |
| Withdrawn status | Lost status | Source of classification or shelving scheme | Damaged status | Not for loan | Collection code | Home library | Current library | Shelving location | Date acquired | Source of acquisition | Cost, normal purchase price | Total Checkouts | Full call number | Barcode | Date last seen | Cost, replacement price | Price effective from | Koha item type | Total Renewals | Date checked out | Checked out |
|---|---|---|---|---|---|---|---|---|---|---|---|---|---|---|---|---|---|---|---|---|---|
| Dewey Decimal Classification | Baccah | Central Library | Central Library | First floor | 29/04/2014 | 780.00 | 617.692 PRO | 000035923 | 15/07/2025 | 975.00 | 29/04/2014 | NB - Book (Non borrowing) | |||||||||
| Dewey Decimal Classification | Baccah | Central Library | Central Library | First floor | 29/04/2014 | 780.00 | 3 | 617.692 PRO | 000035924 | 15/07/2025 | 975.00 | 29/04/2014 | Book - Borrowing | 10 | 02/02/2020 | ||||||
| Dewey Decimal Classification | Baccah | Central Library | Central Library | First floor | 29/04/2014 | 780.00 | 617.692 PRO | 000035925 | 15/07/2025 | 975.00 | 29/04/2014 | Book - Borrowing | |||||||||
| Dewey Decimal Classification | Baccah | Central Library | Central Library | First floor | 29/04/2014 | 780.00 | 1 | 617.692 PRO | 000035926 | 15/07/2025 | 975.00 | 29/04/2014 | Book - Borrowing | 2 | 24/03/2018 | ||||||
| Dewey Decimal Classification | Baccah | Central Library | Central Library | First floor | 29/04/2014 | 780.00 | 2 | 617.692 PRO | 000035927 | 03/01/2021 | 975.00 | 29/04/2014 | Book - Borrowing | 15 | 03/01/2021 | 18/01/2025 | |||||
| Dewey Decimal Classification | Baccah | Central Library | Central Library | First floor | 29/04/2014 | 780.00 | 1 | 617.692 PRO | 000035928 | 19/09/2022 | 975.00 | 29/04/2014 | Book - Borrowing | 22/11/2020 |